| 000 | 00661 a2200205 4500 | ||
|---|---|---|---|
| 001 | 45128 | ||
| 005 | 20260407155726.0 | ||
| 008 | 260407a1949 arg spa d | ||
| 003 | AR-UNSa-BCEJYS | ||
| 040 |
_aAR-UNSa-BCEJYS _bspa _cAR-UNSa-BCEJYS |
||
| 080 |
_a512 _xAlgebra |
||
| 245 | 1 | 0 |
_aEjercicios de algebra superior _psoluciones de los ejercicios propuestos en la obra algebra superior |
| 264 | 1 |
_aMéxico : _bUnión Tipográfica Editorial Hispano-Americana (UTEHA) _c1949 |
|
| 300 |
_avii, 502 p. _c19 cm. |
||
| 942 | _cBK | ||
| 590 | _aniveau_biblio:m niveau_hierar:0 | ||
| 100 | 1 | _aHall, H.S. | |
| 700 | 1 | _aKnight, S.R. | |
| 700 | 1 | _aGarcia Diaz, Rafael | |
| 999 |
_c3911 _d3911 |
||